| 000 -LEADER | |
|---|---|
| fixed length control field | 00387nam a22001337a 4500 |
| 005 - DATE AND TIME OF LATEST TRANSACTION | |
| control field | 20190223113717.0 |
| 008 - FIXED-LENGTH DATA ELEMENTS--GENERAL INFORMATION | |
| fixed length control field | 190223b xxu||||| |||| 00| 0 eng d |
| 041 ## - LANGUAGE CODE | |
| Language code of text/sound track or separate title | eng |
| 100 ## - MAIN ENTRY--AUTHOR NAME | |
| Personal name | GOYANKA,KAMAL KISHORE |
| 245 ## - TITLE STATEMENT | |
| Title | DURGA-HASTHALIKHIT PATRIKA:1935 |
| Statement of responsibility, etc | KAMAL KISHORE GOYANKA |
| 260 ## - PUBLICATION, DISTRIBUTION, ETC. (IMPRINT) | |
| Place of publication | NEW DELHI |
| Name of publisher | MINISTRY OF EXTERNAL AFFAIRS,government of india |
| 300 ## - PHYSICAL DESCRIPTION | |
| Number of Pages | 790p, |
| 942 ## - ADDED ENTRY ELEMENTS (KOHA) | |
| Koha item type | Books |
| Lost status | Damaged status | Collection code | Home library | Current library | Shelving location | Date acquired | Source of acquisition | Full call number | Accession Number | Koha item type |
|---|---|---|---|---|---|---|---|---|---|---|
| ENGLISH LITERATURE | JRU Library | JRU Library | SHELF-103-A | 23/02/2019 | DONATION | 294.521 3 | 22490 | Books | ||
| ENGLISH LITERATURE | JRU Library | JRU Library | SHELF-103-A | 23/02/2019 | DONATION | 294.521 3 | 22491 | Books | ||
| ENGLISH LITERATURE | JRU Library | JRU Library | SHELF-103-A | 23/02/2019 | DONATION | 294.521 3 | 22492 | Books |